Caricamento...

Thirakal maikkatha padamudrakal/

Dettagli Bibliografici
Autore principale: Gopakumar Ambalappuzha
Natura: Printed Book
Pubblicazione: Kottayam: Sahithya Pravarthaka Co-operative Society Ltd, 2011.
Soggetti:
LEADER 00658nam a22001697a 4500
020 |a 9780000186027 
082 |a M 894.812 092  |b GOP/T 
100 |a Gopakumar Ambalappuzha  |9 36317 
245 |a Thirakal maikkatha padamudrakal/  |c by Gopakumar Ambalappuzha 
260 |a Kottayam:  |b Sahithya Pravarthaka Co-operative Society Ltd,  |c 2011. 
300 |a 183p. 
650 |a Biography Literary Writers  |9 36318 
650 |a Literature Malayalam  |9 36319 
650 |a Literature  |9 36320 
942 |c BK 
999 |c 70503  |d 70503 
952 |0 0  |1 0  |4 0  |6 M_894_812000000000000_092_GOP_T  |7 0  |9 91036  |a SSUS  |b SSUS  |c STACKS  |d 2018-03-06  |g 130.00  |o M 894.812 092 GOP/T  |p 087905  |r 2018-03-06  |w 2018-03-06  |y BK